| 000 | 01187cam a2200337 a 4500 | ||
|---|---|---|---|
| 001 | 11825877 | ||
| 003 | OSt | ||
| 005 | 20140310182122.0 | ||
| 008 | 991028r20001894nyu 000 0 eng | ||
| 010 | _a 99056941 | ||
| 020 | _a0486411214 | ||
| 040 |
_aDLC _cDLC _dDLC |
||
| 041 | 1 |
_aeng _hgrc |
|
| 050 | 0 | 0 |
_aJC 71 _b.P35 2000 |
| 082 | 0 | 0 |
_aHS 321.07 _bP72 2000 |
| 100 | 0 |
_aPlato. _93656 |
|
| 240 | 1 | 0 |
_aRepublic. _lEnglish |
| 245 | 1 | 4 |
_aThe republic / _cPlato. |
| 260 |
_aMineola, N.Y. : _bDover Publications, _cc2000. |
||
| 300 |
_a277 p. : _c21 cm. |
||
| 440 | 0 |
_aDover thrift editions _92837 |
|
| 650 | 0 |
_aPolitical science _vEarly works to 1800. _914075 |
|
| 650 | 0 |
_aUtopias _vEarly works to 1800. _914076 |
|
| 650 | 0 |
_aJustice _vEarly works to 1800. _914077 |
|
| 700 | 1 |
_aJowett, Benjamin, _d1817-1893. _914078 |
|
| 856 | 4 | 2 |
_3Publisher description _uhttp://www.loc.gov/catdir/description/dover032/99056941.html |
| 906 |
_a7 _bcbc _corignew _d1 _eocip _f19 _gy-gencatlg |
||
| 942 |
_2lcc _cHS |
||
| 999 |
_c9553 _d9553 |
||